<?xml version="1.0" encoding="UTF-8"?>
<record
    xmlns:xsi="http://www.w3.org/2001/XMLSchema-instance"
    xsi:schemaLocation="http://www.loc.gov/MARC21/slim http://www.loc.gov/standards/marcxml/schema/MARC21slim.xsd"
    xmlns="http://www.loc.gov/MARC21/slim">

  <leader>02042nam a22002297a 4500</leader>
  <controlfield tag="005">20230911114611.0</controlfield>
  <controlfield tag="008">230904b           ||||| |||| 00| 0 eng d</controlfield>
  <datafield tag="020" ind1=" " ind2=" ">
    <subfield code="a">9781118026984 (3 e)</subfield>
  </datafield>
  <datafield tag="040" ind1=" " ind2=" ">
    <subfield code="a">WIUC - GH</subfield>
    <subfield code="c">WIUC - GH</subfield>
  </datafield>
  <datafield tag="050" ind1=" " ind2=" ">
    <subfield code="a">HF5415.1265.S39</subfield>
  </datafield>
  <datafield tag="082" ind1=" " ind2=" ">
    <subfield code="2">dc22</subfield>
    <subfield code="a">658.8'72</subfield>
  </datafield>
  <datafield tag="100" ind1=" " ind2=" ">
    <subfield code="a">Scott, David Meerman</subfield>
    <subfield code="9">2336</subfield>
  </datafield>
  <datafield tag="245" ind1=" " ind2=" ">
    <subfield code="a">The new rules of marketing and PR : how to use social media, online video,mobile applications, blogs, news releases, and viral marketing to reach buyers directly. /</subfield>
    <subfield code="c">David Meerman Scott</subfield>
  </datafield>
  <datafield tag="250" ind1=" " ind2=" ">
    <subfield code="a">3rd ed.</subfield>
  </datafield>
  <datafield tag="260" ind1=" " ind2=" ">
    <subfield code="a">Hoboken, NJ. :</subfield>
    <subfield code="b">John Wiley &amp; Sons.</subfield>
    <subfield code="c">2011</subfield>
  </datafield>
  <datafield tag="300" ind1=" " ind2=" ">
    <subfield code="a">xxxii, 366 p. :</subfield>
    <subfield code="b">Ill. ;</subfield>
  </datafield>
  <datafield tag="500" ind1=" " ind2=" ">
    <subfield code="a">Includes index</subfield>
  </datafield>
  <datafield tag="505" ind1=" " ind2=" ">
    <subfield code="a">Contents: Contents: How the Web has changed the rules of marketing and PR : The old rules of marketing and PR are ineffective in an online world --. The new rules of marketing and PR --. Reaching your buyers directly -- Web-based communications to reach buyers directly: Social media and  your targeted audience --  Blogs: tapping millions of evangelists to tell your story --. Audio and video drive action -- The new rules of news releases --. Going viral:The web helps audiences catch the fever -- The content-rich website --. Marketing and PR in real time -- Action plan for harnessing the power of the new rules: You are what you publish:            building your marketing and PR plan --  Online thought leadership to brand your organization as a trusted resource --. How to create for your buyers -- How web content influences the buying process -- . Mobile marketing: reaching buyers wherever they are -- Social networking sites and marketing -- Blogging to reach your buyers -- Video and podcasting made, well, as easy as possible -- . How to use news releases to reach buyers directly.-- The online media room: your front door for much more than the media -- The new rules for reaching the media --. Search engine marketing --. Make it happen</subfield>
  </datafield>
  <datafield tag="650" ind1=" " ind2=" ">
    <subfield code="a">Internet marketing</subfield>
    <subfield code="9">1336</subfield>
  </datafield>
  <datafield tag="650" ind1=" " ind2=" ">
    <subfield code="a">Public relations</subfield>
    <subfield code="9">1322</subfield>
  </datafield>
  <datafield tag="942" ind1=" " ind2=" ">
    <subfield code="2">lcc</subfield>
    <subfield code="c">BK</subfield>
  </datafield>
  <datafield tag="999" ind1=" " ind2=" ">
    <subfield code="c">10023</subfield>
    <subfield code="d">17523</subfield>
  </datafield>
  <datafield tag="952" ind1=" " ind2=" ">
    <subfield code="0">0</subfield>
    <subfield code="1">0</subfield>
    <subfield code="2">lcc</subfield>
    <subfield code="4">0</subfield>
    <subfield code="7">0</subfield>
    <subfield code="a">WIUC-KL</subfield>
    <subfield code="b">WIUC-KL</subfield>
    <subfield code="c">GEN</subfield>
    <subfield code="d">2023-03-14</subfield>
    <subfield code="o">HF5415.1265.S39(3e)</subfield>
    <subfield code="p">K/3022/0120/23</subfield>
    <subfield code="r">2023-09-04 00:00:00</subfield>
    <subfield code="w">2023-09-04</subfield>
    <subfield code="y">BK</subfield>
  </datafield>
</record>
